000
00299nam a22001217a 4500
008
180904b xxu||||| |||| 00| 0 eng d
041
_a
eng
080
_a
611
100
_a
4
101
_a
SHM
245
_a
Medical. Psychosocial and Vocational Aspects of Disabikity
_c
Brodwin, M,G
942
_2
udc
_c
BK
999
_c
47496
_d
47496